000
00249nam a22001217a 4500
003
SGT
082
_a
658
_b
KUM
100
_a
KUMAR, ASEEM
245
_a
EXPORT AND IMPORT MANAGEMENT
260
_b
PHI LEARNING
_c
2007
300
_a
317
942
_2
ddc
_c
BK
999
_c
15320
_d
15320